Detalles MARC
| 000 -LIDER |
| fixed length control field |
01796nam a2200301 a 4500 |
| 001 - NÚMERO DE CONTROL |
| Identificador de número de control |
000020814 |
| 003 - IDENTIFICACDOR DE NÚMERO DE CONTROL |
| control field |
DO-SdBNP |
| 005 - DATE AND TIME OF LATEST TRANSACTION |
| control field |
20210817095723.0 |
| 007 - CAMPOS FIJOS DE DESCRIPCIÓN FÍSICA |
| fixed length control field |
000020814 |
| 008 - ELEMENTOS DE LONGITUD FIJA |
| fixed length control field |
100818s2008 dr ab 000 0 spa d |
| 020 ## - ISBN |
| International Standard Book Number |
9789945859560 |
| 040 ## - FUENTE DE CATALOGACIÓN |
| Agencia que crea de manera original el registro |
BPMSU |
| Idioma de catalogación |
spa |
| Agencia que realiza la transcripción |
BPMSU |
| 092 ## - LOCALLY ASSIGNED DEWEY DECIMAL CALL NUMBER |
| Número de clasificación |
303.44 |
| Número de ítem (Cutter) |
P964i, 2008 |
| 110 2# - ASIENTO PRINCIPAL--NOMBRE CORPORATIVO |
| Nombre corporativo o de jurisdicción |
Programa de las Naciones Unidas para el Desarrollo. |
| 245 10 - MENCIÓN DE TITULO |
| Título |
Informe sobre desarrollo humano República Dominicana 2008 : |
| Subtítulo |
desarrollo humano, una cuestión de poder / |
| Mención de responsabilidad |
prólogo Miguel Ceara-Hatton. |
| 246 ## - VARIACION DEL TÍTULO |
| Título propiamente dicho o título corto |
Desarrollo humano, una cuestión de poder |
| 260 ## - PUBLICACIÓN, DISTRIBUCIÓN, ETC. (PIE DE IMPRENTA) |
| Lugar de publicación, distribución, etc |
Santo Domingo : |
| Nombre del editor, distribuidor, etc. |
PNUD, |
| Fecha de publicación, distribución, etc |
2008. |
| 300 ## - DESCRIPCIÓN FÍSICA |
| Extensión |
xxxvi, 519 p. : |
| Otros detalles físicos |
il., mapas, ; |
| Dimensiones |
29 cm. |
| 505 ## - NOTA DE CONTENIDO |
| Título |
Presentación -- |
| -- |
Prólogo -- |
| -- |
Secretaría de Estado de Economía, Planificación y Desarrollo : algunas consideraciones sobre el INDH 2008 -- |
| -- |
Perspectiva general : desarrollo humano, una cuestión de poder -- |
| -- |
Desarrollo humano y poder en el territorio -- |
| -- |
El empoderamiento social : poder que se construya y se conquista -- |
| -- |
La descentralización : poder que se redistribuye -- |
| -- |
Capacidades esenciales para el empoderamiento : educación, salud, protección y asistencia social -- |
| -- |
-- La economía : una dinámica que fragmenta el territorio -- |
| -- |
Sostenibilidad ambiental y desarrollo humano -- |
| -- |
Elementos para una estrategia de empoderamiento, descentralización e intervención en el territorio. |
| 590 ## - NOTA LOCAL |
| Enlace |
Inventariado, 2021/VM |
| 650 #4 - ENCABEZAMIENTO DE MATERIA--TEMÁTICO |
| Término temático o nombre geográfico como elemento de entrada |
Desarrollo humano |
| 650 #4 - ENCABEZAMIENTO DE MATERIA--TEMÁTICO |
| Término temático o nombre geográfico como elemento de entrada |
Desarrollo económico |
| Subdivisión temática general |
Aspectos sociales |
| 651 #4 - ENCABEZAMIENTO DE MATERIA--NOMBRE GEOGRÁFICO |
| Nombre geográfico |
República Dominicana |
| Subdivisión temática general |
Condiciones sociales |
| 651 #4 - ENCABEZAMIENTO DE MATERIA--NOMBRE GEOGRÁFICO |
| Nombre geográfico |
República Dominicana |
| Subdivisión temática general |
Condiciones económicas |
| 700 1# - ASIENTO SECUNDARIO -- NOMBRE PERSONAL |
| Nombre personal |
Ceara-Hatton, Miguel |
| Mención de responsabilidad |
pról. |
| 910 ## - VALIDACIÓN |
| Validación |
VMateo V. /Validado. Control de calidad BNPHU |
| 942 ## - ADDED ENTRY ELEMENTS (KOHA) |
| Source of classification or shelving scheme |
Dewey Decimal Classification |
| Koha item type |
Libros |